|
|
|
|
| LEADER |
00000nam0a2200000 4500 |
| 001 |
370316 |
| 005 |
20231102012252.0 |
| 035 |
|
|
|a (RuTPU)RU\TPU\retro\27724
|
| 090 |
|
|
|a 370316
|
| 100 |
|
|
|a 20220624d1978 km y0rusy50 ca
|
| 101 |
0 |
|
|a rus
|
| 102 |
|
|
|a UA
|
| 105 |
|
|
|a a g 001zy
|
| 200 |
1 |
|
|a Справочник по промышленному телевидению
|f К. А. Алексеев
|
| 210 |
|
|
|a Киев
|c Технiка
|d 1978
|
| 215 |
|
|
|a 95 с.
|c ил.
|
| 320 |
|
|
|a Библиогр.: с. 94
|
| 606 |
1 |
|
|a Телевидение промышленное
|2 stltpush
|3 (RuTPU)RU\TPU\subj\58824
|9 76571
|
| 610 |
1 |
|
|a физические основы
|
| 610 |
1 |
|
|a телевизионные сигналы
|
| 610 |
1 |
|
|a телевизионные изображения
|
| 610 |
1 |
|
|a передающие телевизионные трубки
|
| 610 |
1 |
|
|a промышленные телевизионные установки
|
| 610 |
1 |
|
|a справочники
|
| 675 |
|
|
|a 621.397.13
|v 4
|
| 700 |
|
1 |
|a Алексеев
|b К. А.
|g Константин Алексеевич
|
| 801 |
|
1 |
|a RU
|b 63413507
|c 20220624
|
| 942 |
|
|
|c BK
|